[Event "Adelaide Interclub-B"]
[Site "Adelaide"]
[Date "2008.05.06"]
[Round "2.4"]
[White "Carter, Morgan"]
[Black "Morrissey, Laura"]
[Result "0-1"]
[WhiteElo "384"]
[BlackElo "959"]
[PlyCount "82"]
[EventDate "2008.04.29"]
[EventType "team-tourn"]
[EventRounds "9"]
[EventCountry "AUS"]
[SourceTitle "EXT 2010"]
[Source "ChessBase"]
[SourceDate "2010.11.25"]
[SourceVersion "1"]
[SourceVersionDate "2010.11.25"]
[SourceQuality "1"]

1. c4 e5 2. Nc3 Nc6 3. Nf3 Nf6 4. g3 Bc5 5. Bg2 0-0 6. 0-0 d5 7. cxd5 Nxd5 8. e3 Bg4 9. Qc2 f5 10. Ne1 Nxc3 11. bxc3 Be2 12. Qb3+ Kh8 13. Qxb7 Bxf1 14. Kxf1 Na5 15. Qb5 f4 16. Bxa8 fxg3 17. hxg3 Qf6 18. Nf3 c6 19. Qe2 Rxa8 20. d4 e4 21. Nd2 Qh6 22. Kg2 Be7 23. Nxe4 Rf8 24. f4 Qg6 25. Kf3 h5 26. Qa6 Qg4+ 27. Kf2 h4 28. Qe2 Qh3 29. Qh5+ Kg8 30. Bd2 hxg3+ 31. Nxg3 Bh4 32. Rg1 Bxg3+ 33. Rxg3 Qxh5 34. c4 Nxc4 35. Bc3 Qh4 36. Bb4 Re8 37. Be1 Nxe3 38. Ke2 Nf5+ 39. Kd1 Nxg3 40. Bf2 Qh1+ 41. Be1 Qxe1+ 0-1

[Event "Adelaide University op"]
[Site "Adelaide"]
[Date "2004.07.10"]
[Round "3"]
[White "Chaudhary, Shreyas"]
[Black "Morrissey, Laura"]
[Result "1-0"]
[WhiteElo "941"]
[BlackElo "1065"]
[PlyCount "65"]
[EventDate "2004.07.10"]
[EventType "swiss"]
[EventRounds "7"]
[EventCountry "AUS"]
[SourceTitle "EXT 2006"]
[Source "ChessBase"]
[SourceDate "2005.11.24"]
[SourceVersion "1"]
[SourceVersionDate "2005.11.24"]
[SourceQuality "1"]

1. e4 c5 2. Nf3 Nc6 3. d4 cxd4 4. Nxd4 e5 5. Nb5 a6 6. N5c3 Nf6 7. Bc4 Bb4 8. a3 Bxc3+ 9. Nxc3 0-0 10. 0-0 d6 11. Nd5 Nxe4 12. Bd3 f5 13. g4 Qh4 14. Be3 Ne7 15. Nxe7+ Qxe7 16. gxf5 Bxf5 17. Bxe4 Bxe4 18. Qg4 Bc6 19. Bg5 Qf7 20. f4 Qc4 21. Bh6 Rf7 22. Qg3 Raf8 23. Rae1 Qd4+ 24. Re3 Qxb2 25. f5 e4 26. f6 g6 27. Bxf8 Rxf8 28. Qxd6 Qb6 29. Qf4 Bb5 30. f7+ Kg7 31. Rf2 Bc4 32. Qe5+ Kh6 33. Rh3# 1-0

[Event "AUS-ch U18 Girls"]
[Site "Adelaide"]
[Date "2003.01.23"]
[Round "10"]
[White "Morrissey, Laura"]
[Black "Harris, Rebecca"]
[Result "0-1"]
[WhiteElo "994"]
[BlackElo "1238"]
[PlyCount "128"]
[EventDate "2003.01.??"]
[EventType "swiss"]
[EventRounds "11"]
[EventCountry "AUS"]
[SourceTitle "EXT 2006"]
[Source "ChessBase"]
[SourceDate "2005.11.24"]
[SourceVersion "1"]
[SourceVersionDate "2005.11.24"]
[SourceQuality "1"]

1. f4 d5 2. Nf3 g6 3. e3 Bg7 4. d4 Nf6 5. Nc3 0-0 6. Bd3 Nc6 7. Qe2 a6 8. 0-0 Nb4 9. Ne5 Nxd3 10. Nxd3 Bf5 11. Nc5 Ra7 12. b3 Nd7 13. Nd3 c5 14. Nxd5 cxd4 15. Bb2 Be4 16. N5b4 a5 17. exd4 Nf6 18. Nc5 Bf5 19. Nbd3 b6 20. Na4 Ne4 21. Ne5 Rc7 22. g4 Bxg4 23. Qxe4 Bf5 24. Qf3 Rxc2 25. Rad1 b5 26. Nc6 Qc7 27. Rc1 bxa4 28. Rxc2 Bxc2 29. Rc1 axb3 30. axb3 Bf5 31. Ba3 Qd7 32. Nxe7+ Kh8 33. Nxf5 Qxf5 34. Bxf8 Bxf8 35. Kg2 Kg7 36. d5 Bb4 37. Kg3 h5 38. h3 Kh6 39. Rd1 Qf6 40. Qe3 Bd6 41. Kf3 Kh7 42. Ke2 Qf5 43. Rf1 Qxd5 44. Qf3 Qc5 45. f5 Qc2+ 46. Ke3 g5 47. Qxh5+ Kg8 48. Qxg5+ Kh7 49. f6 Bc5+ 50. Kf4 Qh2+ 51. Ke4 Qe2+ 52. Kd5 Qd3+ 53. Kxc5 Qc3+ 54. Kd5 Qxb3+ 55. Ke5 Qb5+ 56. Kf4 Qxf1+ 57. Kg4 Qg1+ 58. Kf4 Qxg5+ 59. Kxg5 a4 60. Kf5 a3 61. Ke5 a2 62. Kd6 a1Q 63. Ke7 Kg6 64. Kf8 Kxf6 0-1